| 000 | 00777nam a2200229 a 4500 | ||
|---|---|---|---|
| 001 | 000013904 | ||
| 005 | 20240529124642.0 | ||
| 008 | 091201r19802000sp 001 f spa d | ||
| 040 |
_aDO-SdBNP _bspa _cBNPHU |
||
| 041 | 1 | 7 |
_aspa _hpor _2Código de idioma MARC |
| 082 |
_aB869.4 _bS163d |
||
| 100 | 1 |
_aSales, Herberto, _931507 |
|
| 240 | 1 | 0 |
_aCascalho. _lEspañol |
| 245 | 1 | 0 |
_aDiamante / _cHerberto Sales ; traducción de Estela Dos Santos. |
| 260 |
_aBuenos Aires : _bSudamericana, _c1980. |
||
| 300 |
_a428 p. ; _c18 cm. |
||
| 534 |
_pTítulo original en portugués: _tCascalho, _cRío de Janeiro : Civilizaça Brasileira, 1975. |
||
| 650 | 0 |
_aNovela brasileña _913650 |
|
| 650 | 4 |
_aLiteratura brasileña _9823 |
|
| 700 | 1 |
_aDos Santos, Estela, _etr. _931508 |
|
| 049 | _aBNGR | ||
| 999 |
_c13509 _d13509 |
||